Derecho del tránsito: leyes. Decretos. Tratados. Jurisprudencia. Legislación. Anexos. Doctrina

Gespeichert in:
Bibliographische Detailangaben
1. Verfasser: Moncayo Castillo, Eric (autor)
Format: Buch
Sprache:Spanisch
Veröffentlicht: Santiago Ius Civile 2011
Ausgabe:1a. ed
Schlagworte:
Tags: Tag hinzufügen
Keine Tags, Fügen Sie den ersten Tag hinzu!

MARC

LEADER 00000cam a2200000 a 4500
001 UCG8648
003 CL-VaPUC
008 111223e20110000CL |||||||||||||||||spa|d
020 |a 9789569050008 
082 0 4 |a 343.093  |b MON  |2 21 
100 |a Moncayo Castillo, Eric  |e autor  |9 559757 
245 1 0 |a Derecho del tránsito: leyes. Decretos. Tratados. Jurisprudencia. Legislación. Anexos. Doctrina 
250 |a 1a. ed 
300 |a 285 p 
942 |c BK 
945 |d 20111223 00:00:00  |a dcastane 
260 |a Santiago  |b Ius Civile  |c 2011 
650 7 |a LEY DE TRANSITO  |2 CL-VaPUC  |9 528883 
650 7 |a TRANSPORTE  |2 CL-VaPUC  |9 256365 
650 7 |a CONDUCTORES  |2 CL-VaPUC  |9 327717 
650 7 |a SEGURIDAD DEL TRANSPORTE  |2 CL-VaPUC  |9 350439 
650 7 |a RESPONSABILIDAD CIVIL  |2 CL-VaPUC  |9 559758 
650 0 |a Responsabilidad penal  |9 254899 
583 |a last modification  |c 20111223 12:06:00  |k Rodrigo Vera 
999 |c 346252  |d 346250 
952 |0 0  |1 0  |4 0  |6 343_093000000000000_MON_2011  |7 0  |8 A  |9 446887  |a BIBDER  |b BIBDER  |d 2019-11-22  |i 4816072  |o 343.093 MON 2011  |p 4816072  |r 2023-01-25  |w 2019-11-22  |y BK  |k DER